000 00448nam a22001697a 4500
005 20180717153706.0
008 160624b xxu||||| |||| 00| 0 eng d
020 _a81-259-0553-7
041 _aeng
082 _b9526
_a658.1511
100 _aBhattacharya, S.K. and other
_92656
245 _aAccounting for Management
260 _aNew Delhi
_bVikas Publishing House (P) Ltd.
_c2007
300 _a415p,
650 _aManagement
_9241
942 _cBK
999 _c3827
_d3826